000 00671nam a2200253Ia 4500
005 20231129113038.0
008 131103s9999 xx 000 0 und d
020 _a8176253901
_cRs 1100
040 _aLoreto College
041 _aEnglish
082 _a396
_bKUS
100 _aKushwaha, Saumya
245 _aWomen Welfare
_b
_cSaumya Kushwaha
250 _aSome new dimensions
260 _aNew Delhi
_bSarup and Sons
_c2003
300 _a349p
_b tables
504 _aIncludes bibliographical references and index
630 _aGender Studies
630 _aWomen Welfare
650 _aFeminism
651 _aWomen Studies
850 _aLCLIB
942 _cBK
999 _c28669
_d79148